[Event "Women's Baku Chess Olympiad"]
[Site "chess24.com"]
[Date "2016.09.12"]
[Round "10"]
[White "Chirivi C, Jenny Astrid"]
[Black "Mammadova, Gulnar"]
[Result "0-1"]
[Board "2"]
[WhiteID "4403061"]
[WhiteElo "2209"]
[WhiteTitle "WIM"]
[WhiteCountry "COL"]
[WhiteFideId "4403061"]
[WhiteEloChange "-7"]
[BlackID "13403508"]
[BlackElo "2304"]
[BlackTitle "WGM"]
[BlackCountry "AZE"]
[BlackFideId "13403508"]
[BlackEloChange "7"]

1. d4 {[%clk 1:30:56]} d5 {[%clk 1:30:48]} 2. c4 {[%clk 1:31:14]} c6 {[%clk
1:31:12]} 3. Nc3 {[%clk 1:31:23]} Nf6 {[%clk 1:31:37]} 4. Nf3 {[%clk 1:31:31]} a6
{[%clk 1:32:02]} 5. e3 {[%clk 1:28:28]} g6 {[%clk 1:30:12]} 6. h3 {[%clk
1:27:27]} Bg7 {[%clk 1:30:32]} 7. Bd3 {[%clk 1:26:17]} O-O {[%clk 1:30:48]} 8.
O-O {[%clk 1:26:30]} dxc4 {[%clk 1:31:15]} 9. Bxc4 {[%clk 1:26:27]} b5 {[%clk
1:31:42]} 10. Bb3 {[%clk 1:20:56]} c5 {[%clk 1:32:08]} 11. dxc5 {[%clk 1:20:04]}
Bb7 {[%clk 1:32:34]} 12. Qxd8 {[%clk 1:10:03]} Rxd8 {[%clk 1:32:59]} 13. Ng5
{[%clk 1:10:05]} e6 {[%clk 1:31:05]} 14. e4 {[%clk 1:08:17]} Nbd7 {[%clk
1:18:19]} 15. Be3 {[%clk 0:58:05]} h6 {[%clk 1:14:23]} 16. Nxe6 {[%clk 0:33:52]}
fxe6 {[%clk 1:14:43]} 17. Bxe6+ {[%clk 0:34:15]} Kh7 {[%clk 1:14:28]} 18. f3
{[%clk 0:29:29]} Re8 {[%clk 1:10:06]} 19. Bxd7 {[%clk 0:28:56]} Nxd7 {[%clk
1:10:27]} 20. Rac1 {[%clk 0:26:58]} Ne5 {[%clk 1:06:54]} 21. Rfd1 {[%clk
0:17:56]} Nc4 {[%clk 1:04:10]} 22. Bf2 {[%clk 0:17:58]} Nxb2 {[%clk 1:01:27]} 23.
Rd7 {[%clk 0:17:41]} Bc6 {[%clk 1:01:39]} 24. Rc7 {[%clk 0:12:55]} Rac8 {[%clk
1:01:09]} 25. Ra7 {[%clk 0:11:55]} Kg8 {[%clk 0:56:09]} 26. Nd5 {[%clk 0:07:36]}
Bxd5 {[%clk 0:53:16]} 27. exd5 {[%clk 0:07:57]} Nd3 {[%clk 0:53:42]} 28. d6
{[%clk 0:06:14]} Nxc1 {[%clk 0:50:11]} 29. d7 {[%clk 0:06:21]} Red8 {[%clk
0:50:27]} 30. dxc8Q {[%clk 0:06:06]} Rxc8 {[%clk 0:50:53]} 31. Rxa6 {[%clk
0:06:18]} Nd3 {[%clk 0:49:58]} 32. c6 {[%clk 0:04:05]} Nb4 {[%clk 0:48:33]} 33.
Rb6 {[%clk 0:03:37]} Rxc6 {[%clk 0:48:58]} 34. Rxb5 {[%clk 0:03:56]} Nxa2 {[%clk
0:48:26]} 35. Rb8+ {[%clk 0:03:43]} Bf8 {[%clk 0:48:45]} 36. Be3 {[%clk 0:02:58]}
Kf7 {[%clk 0:48:33]} 37. Rb7+ {[%clk 0:02:56]} Kf6 {[%clk 0:47:23]} 38. Rh7
{[%clk 0:01:09]} g5 {[%clk 0:45:22]} 39. Rb7 {[%clk 0:00:44]} Nc3 {[%clk
0:44:44]} 40. Kf1 {[%clk 0:30:35]} Nd5 {[%clk 1:13:24]} 41. Bd4+ {[%clk 0:27:57]}
Ke6 {[%clk 1:11:52]} 42. Rb2 {[%clk 0:24:33]} Rc1+ {[%clk 1:08:34]} 43. Kf2
{[%clk 0:21:07]} Nf4 {[%clk 1:05:18]} 44. Ra2 {[%clk 0:19:40]} Rb1 {[%clk
0:59:51]} 45. g3 {[%clk 0:17:33]} Nd3+ {[%clk 0:58:55]} 46. Kg2 {[%clk 0:15:53]}
Bd6 {[%clk 0:55:42]} 47. Bg7 {[%clk 0:11:26]} h5 {[%clk 0:55:20]} 48. Rd2 {[%clk
0:07:33]} Rb3 {[%clk 0:54:48]} 49. h4 {[%clk 0:04:01]} gxh4 {[%clk 0:53:45]} 50.
gxh4 {[%clk 0:03:06]} Ne1+ {[%clk 0:53:43]} 51. Kf2 {[%clk 0:03:00]} Nxf3 {[%clk
0:54:09]} 52. Re2+ {[%clk 0:02:54]} Kf5 {[%clk 0:54:21]} 53. Ra2 {[%clk 0:02:17]}
Nxh4 {[%clk 0:53:34]} 54. Ra5+ {[%clk 0:02:13]} Kg4 {[%clk 0:53:17]} 55. Ra4+
{[%clk 0:01:32]} Bf4 {[%clk 0:53:24]} 56. Bh8 {[%clk 0:00:40]} Rf3+ {[%clk
0:53:10]} 57. Ke2 {[%clk 0:00:50]} Nf5 {[%clk 0:53:20]} 58. Ra8 {[%clk 0:00:53]}
Ng3+ {[%clk 0:53:37]} 0-1

[Event "Women's Baku Chess Olympiad"]
[Site "chess24.com"]
[Date "2016.09.12"]
[Round "10"]
[White "Milliet, Sophie"]
[Black "Hoang, Thanh Trang"]
[Result "1/2-1/2"]
[Board "1"]
[WhiteID "623725"]
[WhiteElo "2362"]
[WhiteTitle "IM"]
[WhiteCountry "FRA"]
[WhiteFideId "623725"]
[WhiteEloChange "3"]
[BlackID "12400149"]
[BlackElo "2467"]
[BlackTitle "GM"]
[BlackCountry "HUN"]
[BlackFideId "12400149"]
[BlackEloChange "-1"]

1. e4 {[%clk 1:30:57]} e6 {[%clk 1:30:36]} 2. d4 {[%clk 1:31:24]} d5 {[%clk
1:30:56]} 3. Nc3 {[%clk 1:31:50]} Bb4 {[%clk 1:30:07]} 4. e5 {[%clk 1:32:10]} c5
{[%clk 1:30:06]} 5. a3 {[%clk 1:32:35]} Bxc3+ {[%clk 1:30:17]} 6. bxc3 {[%clk
1:33:02]} Qa5 {[%clk 1:30:10]} 7. Bd2 {[%clk 1:33:24]} Qa4 {[%clk 1:30:28]} 8.
Qg4 {[%clk 1:33:21]} Kf8 {[%clk 1:28:26]} 9. Nf3 {[%clk 1:31:43]} Nc6 {[%clk
1:27:35]} 10. Bd3 {[%clk 1:23:01]} Nge7 {[%clk 1:23:30]} 11. Qf4 {[%clk 1:15:19]}
Ng6 {[%clk 1:17:26]} 12. Bxg6 {[%clk 1:15:25]} hxg6 {[%clk 1:17:46]} 13. Ng5
{[%clk 1:15:47]} Nd8 {[%clk 1:17:47]} 14. dxc5 {[%clk 1:15:43]} Bd7 {[%clk
1:02:21]} 15. O-O {[%clk 1:01:44]} Qxc2 {[%clk 0:53:40]} 16. a4 {[%clk 0:59:31]}
Rc8 {[%clk 0:49:54]} 17. Rfc1 {[%clk 0:55:16]} Qf5 {[%clk 0:46:49]} 18. Qb4
{[%clk 0:54:23]} Bc6 {[%clk 0:43:18]} 19. f4 {[%clk 0:50:58]} f6 {[%clk 0:36:06]}
20. Rf1 {[%clk 0:50:19]} Qd3 {[%clk 0:32:53]} 21. Nf3 {[%clk 0:50:27]} f5 {[%clk
0:26:17]} 22. Qd4 {[%clk 0:48:27]} Qc4 {[%clk 0:24:47]} 23. Be3 {[%clk 0:42:53]}
Rc7 {[%clk 0:23:44]} 24. Rfd1 {[%clk 0:39:18]} Qxd4 {[%clk 0:20:25]} 25. cxd4
{[%clk 0:38:04]} Bd7 {[%clk 0:19:55]} 26. Rdb1 {[%clk 0:35:54]} Nc6 {[%clk
0:19:34]} 27. Bd2 {[%clk 0:34:33]} Ke7 {[%clk 0:15:46]} 28. Ra2 {[%clk 0:28:27]}
Rb8 {[%clk 0:14:49]} 29. Rab2 {[%clk 0:27:27]} Be8 {[%clk 0:13:44]} 30. Bc3
{[%clk 0:24:13]} Bd7 {[%clk 0:11:11]} 31. Kf2 {[%clk 0:23:52]} Bc8 {[%clk
0:06:44]} 32. Ke3 {[%clk 0:23:02]} Bd7 {[%clk 0:06:48]} 33. h3 {[%clk 0:22:07]}
b6 {[%clk 0:05:34]} 34. cxb6 {[%clk 0:18:39]} axb6 {[%clk 0:05:16]} 35. Rxb6
{[%clk 0:16:10]} Rxb6 {[%clk 0:03:33]} 36. Rxb6 {[%clk 0:16:35]} Ra7 {[%clk
0:03:42]} 37. a5 {[%clk 0:12:25]} Nxa5 {[%clk 0:03:57]} 38. Bb4+ {[%clk 0:12:08]}
Kd8 {[%clk 0:04:08]} 39. Bxa5 {[%clk 0:03:54]} Rxa5 {[%clk 0:04:28]} 40. Rb3
{[%clk 0:32:55]} Ra2 {[%clk 0:33:06]} 41. Nh4 {[%clk 0:27:29]} Kc7 {[%clk
0:32:03]} 42. Rd3 {[%clk 0:23:56]} Be8 {[%clk 0:27:48]} 43. Rd2 {[%clk 0:23:56]}
Ra3+ {[%clk 0:28:07]} 44. Kf2 {[%clk 0:24:21]} Ra4 {[%clk 0:23:58]} 45. Kg3
{[%clk 0:19:25]} Ra3+ {[%clk 0:23:40]} 46. Nf3 {[%clk 0:17:09]} Bb5 {[%clk
0:21:09]} 47. Rf2 {[%clk 0:12:29]} Be8 {[%clk 0:12:02]} 48. Kh4 {[%clk 0:11:53]}
Rb3 {[%clk 0:11:22]} 49. Ra2 {[%clk 0:10:39]} Kb7 {[%clk 0:11:24]} 50. Ng5 {[%clk
0:09:12]} Bd7 {[%clk 0:11:25]} 51. Nf7 {[%clk 0:04:07]} Rd3 {[%clk 0:09:47]} 52.
Nd6+ {[%clk 0:04:16]} Kb6 {[%clk 0:07:07]} 53. Rb2+ {[%clk 0:03:55]} Kc7 {[%clk
0:06:09]} 54. Rb7+ {[%clk 0:02:32]} Kc6 {[%clk 0:06:33]} 55. Rb4 {[%clk 0:02:31]}
Kc7 {[%clk 0:06:53]} 56. Rb7+ {[%clk 0:02:51]} Kc6 {[%clk 0:07:18]} 57. Rb4
{[%clk 0:03:07]} Kc7 {[%clk 0:07:37]} 58. g4 {[%clk 0:00:36]} Bc6 {[%clk
0:07:40]} 59. Kg5 {[%clk 0:00:32]} Rxh3 {[%clk 0:07:48]} 60. Kxg6 {[%clk
0:00:55]} fxg4 {[%clk 0:07:22]} 61. f5 {[%clk 0:00:50]} g3 {[%clk 0:06:07]} 62.
Rb2 {[%clk 0:01:07]} Rh2 {[%clk 0:05:16]} 63. Rb3 {[%clk 0:01:35]} g2 {[%clk
0:04:58]} 64. Rg3 {[%clk 0:02:02]} exf5 {[%clk 0:05:05]} 65. Nxf5 {[%clk
0:02:14]} Bb5 {[%clk 0:03:18]} 66. e6 {[%clk 0:00:32]} Bd3 {[%clk 0:02:31]} 67.
e7 {[%clk 0:00:48]} Bxf5+ {[%clk 0:01:54]} 68. Kxf5 {[%clk 0:01:18]} Kd7 {[%clk
0:01:54]} 69. Rxg7 {[%clk 0:01:32]} Rh7 {[%clk 0:01:00]} 70. e8Q+ {[%clk
0:00:55]} Kxe8 {[%clk 0:01:26]} 71. Rxg2 {[%clk 0:01:20]} Re7 {[%clk 0:01:28]}
1/2-1/2

[Event "Women's Baku Chess Olympiad"]
[Site "chess24.com"]
[Date "2016.09.12"]
[Round "10"]
[White "Rogule, Laura"]
[Black "Newrkla, Katharina"]
[Result "1/2-1/2"]
[Board "2"]
[WhiteID "11601876"]
[WhiteElo "2306"]
[WhiteTitle "WGM"]
[WhiteCountry "LAT"]
[WhiteFideId "11601876"]
[WhiteEloChange "-3"]
[BlackID "1621629"]
[BlackElo "2214"]
[BlackTitle "WIM"]
[BlackCountry "AUT"]
[BlackFideId "1621629"]
[BlackEloChange "3"]

1. d4 {[%clk 1:30:56]} Nf6 {[%clk 1:30:53]} 2. Nf3 {[%clk 1:31:19]} g6 {[%clk
1:31:19]} 3. g3 {[%clk 1:31:27]} Bg7 {[%clk 1:31:43]} 4. Bg2 {[%clk 1:31:20]} O-O
{[%clk 1:32:06]} 5. c4 {[%clk 1:31:32]} d6 {[%clk 1:32:29]} 6. Nc3 {[%clk
1:31:43]} Nc6 {[%clk 1:32:53]} 7. O-O {[%clk 1:31:53]} a6 {[%clk 1:32:52]} 8. Bf4
{[%clk 1:32:00]} Rb8 {[%clk 1:28:12]} 9. Rc1 {[%clk 1:32:01]} Bf5 {[%clk
1:08:35]} 10. b3 {[%clk 1:16:22]} Ne4 {[%clk 0:58:50]} 11. Nd5 {[%clk 1:15:33]}
e5 {[%clk 0:50:50]} 12. Be3 {[%clk 0:56:54]} Re8 {[%clk 0:46:09]} 13. dxe5 {[%clk
0:54:08]} dxe5 {[%clk 0:40:53]} 14. Nh4 {[%clk 0:53:47]} Nd6 {[%clk 0:38:33]} 15.
c5 {[%clk 0:48:22]} Nb5 {[%clk 0:37:58]} 16. Nxf5 {[%clk 0:48:22]} gxf5 {[%clk
0:38:22]} 17. Qd2 {[%clk 0:32:18]} Nbd4 {[%clk 0:36:26]} 18. Rfd1 {[%clk
0:25:48]} e4 {[%clk 0:30:28]} 19. Nb4 {[%clk 0:20:48]} Qf6 {[%clk 0:25:42]} 20.
Nxc6 {[%clk 0:20:02]} Nxc6 {[%clk 0:26:05]} 21. Bg5 {[%clk 0:17:28]} Qe6 {[%clk
0:23:14]} 22. Qd7 {[%clk 0:14:46]} Qxd7 {[%clk 0:15:23]} 23. Rxd7 {[%clk
0:15:14]} Nd4 {[%clk 0:15:33]} 24. Kf1 {[%clk 0:14:26]} Ne6 {[%clk 0:15:04]} 25.
Be3 {[%clk 0:13:33]} Rbd8 {[%clk 0:11:17]} 26. Rcd1 {[%clk 0:13:25]} Rxd7 {[%clk
0:11:03]} 27. Rxd7 {[%clk 0:13:53]} Bf8 {[%clk 0:09:15]} 28. Bh3 {[%clk 0:12:57]}
Bxc5 {[%clk 0:05:26]} 29. Bxc5 {[%clk 0:12:42]} Nxc5 {[%clk 0:05:51]} 30. Rxc7
{[%clk 0:13:03]} Re5 {[%clk 0:04:25]} 31. b4 {[%clk 0:11:19]} Ne6 {[%clk
0:03:35]} 32. Rxb7 {[%clk 0:10:42]} Ng5 {[%clk 0:02:53]} 33. Bg2 {[%clk 0:09:06]}
Rd5 {[%clk 0:01:59]} 34. Ke1 {[%clk 0:07:40]} Rd6 {[%clk 0:01:26]} 35. a4 {[%clk
0:04:14]} Ne6 {[%clk 0:01:28]} 36. Bh3 {[%clk 0:03:29]} Nd4 {[%clk 0:01:40]} 37.
Kf1 {[%clk 0:02:05]} Rh6 {[%clk 0:00:42]} 38. Kg2 {[%clk 0:01:39]} f4 {[%clk
0:00:52]} 39. Bg4 {[%clk 0:01:15]} f5 {[%clk 0:00:51]} 40. Rd7 {[%clk 0:30:58]}
fxg4 {[%clk 0:30:36]} 41. Rxd4 {[%clk 0:29:08]} f3+ {[%clk 0:24:07]} 42. Kf1
{[%clk 0:16:00]} Rxh2 {[%clk 0:17:45]} 43. Ke1 {[%clk 0:13:57]} Rh1+ {[%clk
0:12:12]} 44. Kd2 {[%clk 0:14:25]} Ra1 {[%clk 0:08:22]} 45. Rxe4 {[%clk 0:08:46]}
Ra2+ {[%clk 0:08:07]} 46. Kd3 {[%clk 0:08:30]} fxe2 {[%clk 0:07:00]} 47. Rxg4+
{[%clk 0:08:05]} Kf7 {[%clk 0:06:53]} 48. Re4 {[%clk 0:07:17]} Rxa4 {[%clk
0:07:05]} 49. Kxe2 {[%clk 0:07:15]} a5 {[%clk 0:05:39]} 50. Rf4+ {[%clk 0:03:47]}
Kg6 {[%clk 0:06:04]} 51. b5 {[%clk 0:02:56]} Ra3 {[%clk 0:02:26]} 52. Rf3 {[%clk
0:01:26]} Ra2+ {[%clk 0:01:41]} 53. Kd3 {[%clk 0:01:31]} Ra3+ {[%clk 0:01:58]}
54. Ke4 {[%clk 0:01:51]} Rxf3 {[%clk 0:02:19]} 55. Kxf3 {[%clk 0:02:16]} a4
{[%clk 0:02:46]} 56. b6 {[%clk 0:02:39]} a3 {[%clk 0:03:12]} 57. b7 {[%clk
0:03:06]} a2 {[%clk 0:03:39]} 58. b8Q {[%clk 0:03:32]} a1Q {[%clk 0:04:04]} 59.
Qg8+ {[%clk 0:03:16]} Kh6 {[%clk 0:04:16]} 60. Qf8+ {[%clk 0:02:50]} Kg6 {[%clk
0:04:40]} 61. Qd6+ {[%clk 0:01:55]} Kg7 {[%clk 0:04:57]} 62. Kg4 {[%clk 0:02:07]}
Qe1 {[%clk 0:01:39]} 63. Qd4+ {[%clk 0:01:50]} Kg6 {[%clk 0:01:26]} 64. Qd3+
{[%clk 0:01:11]} Kg7 {[%clk 0:01:48]} 65. f4 {[%clk 0:01:01]} Qe6+ {[%clk
0:01:50]} 66. Qf5 {[%clk 0:00:45]} Qe2+ {[%clk 0:01:04]} 67. Kh4 {[%clk 0:00:51]}
Qh2+ {[%clk 0:00:59]} 68. Qh3 {[%clk 0:01:11]} Qd2 {[%clk 0:01:01]} 69. Qg4+
{[%clk 0:01:13]} Kf7 {[%clk 0:01:01]} 70. Qf5+ {[%clk 0:01:23]} Kg7 {[%clk
0:01:21]} 71. Qe5+ {[%clk 0:01:28]} Kf7 {[%clk 0:01:18]} 72. Qc7+ {[%clk
0:01:27]} Kg8 {[%clk 0:01:12]} 73. Kg5 {[%clk 0:00:51]} Qd3 {[%clk 0:00:37]} 74.
Qc8+ {[%clk 0:00:46]} Kg7 {[%clk 0:00:56]} 75. Qc7+ {[%clk 0:00:48]} Kg8 {[%clk
0:01:19]} 76. f5 {[%clk 0:00:53]} Qe3+ {[%clk 0:00:56]} 77. Kh4 {[%clk 0:00:46]}
Qe4+ {[%clk 0:00:35]} 78. g4 {[%clk 0:01:05]} Qe3 {[%clk 0:00:37]} 79. Qd8+
{[%clk 0:00:58]} Kf7 {[%clk 0:00:51]} 80. Qd7+ {[%clk 0:01:11]} Kf6 {[%clk
0:00:39]} 81. Qd8+ {[%clk 0:00:59]} Kf7 {[%clk 0:01:03]} 82. Kh5 {[%clk 0:00:45]}
Qh3+ {[%clk 0:00:59]} 83. Qh4 {[%clk 0:01:11]} Qe3 {[%clk 0:00:41]} 84. Qh1
{[%clk 0:01:03]} Kf6 {[%clk 0:00:33]} 85. Qc6+ {[%clk 0:01:02]} Kg7 {[%clk
0:00:32]} 86. Qd7+ {[%clk 0:00:53]} Kf6 {[%clk 0:00:56]} 87. Qd6+ {[%clk
0:00:42]} Kf7 {[%clk 0:01:20]} 88. Qh2 {[%clk 0:00:38]} Kf6 {[%clk 0:00:59]} 89.
Qb2+ {[%clk 0:00:42]} Kf7 {[%clk 0:01:17]} 90. Qa2+ {[%clk 0:00:49]} Kg7 {[%clk
0:01:00]} 91. Qb2+ {[%clk 0:01:01]} Kf7 {[%clk 0:01:26]} 92. Qh2 {[%clk 0:01:21]}
Kf6 {[%clk 0:01:43]} 93. Qh4+ {[%clk 0:01:38]} Kf7 {[%clk 0:02:05]} 94. g5 {[%clk
0:01:15]} Qf3+ {[%clk 0:02:21]} 95. Kh6 {[%clk 0:01:34]} Qxf5 {[%clk 0:02:42]}
96. Qc4+ {[%clk 0:01:55]} Kf8 {[%clk 0:02:46]} 97. Qb4+ {[%clk 0:02:15]} Kf7
{[%clk 0:02:04]} 98. Qb7+ {[%clk 0:02:36]} Ke6 {[%clk 0:01:52]} 99. Qc8+ {[%clk
0:02:11]} Ke5 {[%clk 0:02:16]} 100. Qc7+ {[%clk 0:02:02]} Ke6 {[%clk 0:02:17]}
101. Qc8+ {[%clk 0:01:34]} Ke5 {[%clk 0:02:43]} 102. Qb8+ {[%clk 0:01:34]} Ke4
{[%clk 0:01:17]} 103. Qb7+ {[%clk 0:01:12]} Kf4 {[%clk 0:01:37]} 104. Qc7+ {[%clk
0:01:06]} Kg4 {[%clk 0:01:55]} 105. Qc4+ {[%clk 0:01:00]} Kg3 {[%clk 0:01:06]}
106. Qc3+ {[%clk 0:01:15]} Kf4 {[%clk 0:00:53]} 107. Qd4+ {[%clk 0:00:58]} Kg3
{[%clk 0:01:15]} 108. Qf6 {[%clk 0:00:50]} Kg4 {[%clk 0:01:19]} 109. Qd4+ {[%clk
0:00:40]} Kg3 {[%clk 0:01:42]} 110. Qe3+ {[%clk 0:00:53]} Kg4 {[%clk 0:02:03]}
111. Qg1+ {[%clk 0:00:56]} 1/2-1/2

[Event "Women's Baku Chess Olympiad"]
[Site "chess24.com"]
[Date "2016.09.12"]
[Round "10"]
[White "Narva, Mai"]
[Black "Pham, Le Thao Nguyen"]
[Result "0-1"]
[Board "1"]
[WhiteID "4500512"]
[WhiteElo "2238"]
[WhiteTitle "WIM"]
[WhiteCountry "EST"]
[WhiteFideId "4500512"]
[WhiteEloChange "-7"]
[BlackID "12401226"]
[BlackElo "2338"]
[BlackTitle "IM"]
[BlackCountry "VIE"]
[BlackFideId "12401226"]
[BlackEloChange "7"]

1. e4 {[%clk 1:30:57]} e5 {[%clk 1:30:44]} 2. Nf3 {[%clk 1:31:09]} Nc6 {[%clk
1:30:52]} 3. d4 {[%clk 1:31:06]} exd4 {[%clk 1:30:54]} 4. Nxd4 {[%clk 1:31:20]}
Bc5 {[%clk 1:30:49]} 5. Nxc6 {[%clk 1:31:38]} Qf6 {[%clk 1:30:45]} 6. Qf3 {[%clk
1:31:46]} dxc6 {[%clk 1:30:35]} 7. Nc3 {[%clk 1:31:47]} Be6 {[%clk 1:30:02]} 8.
Be3 {[%clk 1:31:49]} Bb4 {[%clk 1:27:40]} 9. Bd2 {[%clk 1:31:59]} O-O-O {[%clk
1:25:34]} 10. Bd3 {[%clk 1:32:03]} Qxf3 {[%clk 1:08:04]} 11. gxf3 {[%clk
1:32:24]} Ne7 {[%clk 1:08:09]} 12. O-O-O {[%clk 1:27:57]} c5 {[%clk 1:00:19]} 13.
a3 {[%clk 1:21:11]} Ba5 {[%clk 0:56:59]} 14. Rhg1 {[%clk 1:19:12]} c4 {[%clk
0:53:18]} 15. Be2 {[%clk 1:18:43]} g6 {[%clk 0:52:32]} 16. Bg5 {[%clk 1:10:14]}
Bxc3 {[%clk 0:44:49]} 17. bxc3 {[%clk 1:04:17]} Rxd1+ {[%clk 0:41:34]} 18. Rxd1
{[%clk 1:04:20]} Re8 {[%clk 0:39:24]} 19. h4 {[%clk 1:00:09]} Ng8 {[%clk
0:30:45]} 20. Be3 {[%clk 0:58:03]} Nf6 {[%clk 0:28:03]} 21. a4 {[%clk 0:55:05]}
b6 {[%clk 0:25:16]} 22. Rd4 {[%clk 0:52:55]} a5 {[%clk 0:21:39]} 23. Bxc4 {[%clk
0:35:22]} Bxc4 {[%clk 0:20:49]} 24. Rxc4 {[%clk 0:35:46]} c5 {[%clk 0:19:47]} 25.
Bf4 {[%clk 0:20:45]} Nd7 {[%clk 0:11:38]} 26. e5 {[%clk 0:18:09]} Nxe5 {[%clk
0:11:11]} 27. Re4 {[%clk 0:18:14]} f6 {[%clk 0:11:34]} 28. Bxe5 {[%clk 0:14:40]}
Rxe5 {[%clk 0:11:53]} 29. Kd2 {[%clk 0:04:42]} Kd7 {[%clk 0:12:05]} 30. Kd3
{[%clk 0:03:07]} Kd6 {[%clk 0:10:58]} 31. Rg4 {[%clk 0:00:41]} Kd5 {[%clk
0:09:02]} 32. Rg1 {[%clk 0:00:40]} c4+ {[%clk 0:05:18]} 33. Kd2 {[%clk 0:01:05]}
Kc6 {[%clk 0:05:22]} 34. Rg4 {[%clk 0:00:35]} Kc5 {[%clk 0:05:15]} 35. Kc1 {[%clk
0:00:34]} Re2 {[%clk 0:03:33]} 36. Rg2 {[%clk 0:00:46]} Re1+ {[%clk 0:03:49]} 37.
Kd2 {[%clk 0:00:37]} Rh1 {[%clk 0:03:04]} 38. Ke3 {[%clk 0:00:33]} b5 {[%clk
0:02:13]} 39. axb5 {[%clk 0:00:37]} a4 {[%clk 0:02:31]} 40. h5 {[%clk 0:30:34]}
a3 {[%clk 0:32:26]} 41. b6 {[%clk 0:29:58]} a2 {[%clk 0:29:28]} 42. b7 {[%clk
0:28:56]} a1Q {[%clk 0:28:49]} 43. b8Q {[%clk 0:28:54]} Qc1+ {[%clk 0:28:50]} 0-1

[Event "Women's Baku Chess Olympiad"]
[Site "chess24.com"]
[Date "2016.09.12"]
[Round "10"]
[White "Olde, Margareth"]
[Black "Nguyen, Thi Mai Hung"]
[Result "0-1"]
[Board "3"]
[WhiteID "4503082"]
[WhiteElo "2003"]
[WhiteCountry "EST"]
[WhiteFideId "4503082"]
[WhiteEloChange "-3"]
[BlackID "12401676"]
[BlackElo "2316"]
[BlackTitle "WGM"]
[BlackCountry "VIE"]
[BlackFideId "12401676"]
[BlackEloChange "3"]

1. c4 {[%clk 1:30:58]} c6 {[%clk 1:30:45]} 2. e4 {[%clk 1:31:24]} d5 {[%clk
1:30:49]} 3. exd5 {[%clk 1:31:49]} cxd5 {[%clk 1:31:16]} 4. d4 {[%clk 1:32:12]}
Nf6 {[%clk 1:31:22]} 5. Nc3 {[%clk 1:32:22]} g6 {[%clk 1:26:39]} 6. Nf3 {[%clk
1:31:20]} Bg7 {[%clk 1:26:16]} 7. Be2 {[%clk 1:25:39]} O-O {[%clk 1:26:05]} 8.
O-O {[%clk 1:25:36]} Nc6 {[%clk 1:25:04]} 9. Re1 {[%clk 1:20:03]} dxc4 {[%clk
1:17:34]} 10. d5 {[%clk 1:02:21]} Na5 {[%clk 1:07:50]} 11. Bf4 {[%clk 0:44:10]}
a6 {[%clk 1:06:03]} 12. Ne5 {[%clk 0:36:14]} Bf5 {[%clk 0:45:55]} 13. Nxc4 {[%clk
0:35:33]} Nxc4 {[%clk 0:42:58]} 14. Bxc4 {[%clk 0:36:02]} b5 {[%clk 0:42:04]} 15.
Bb3 {[%clk 0:35:33]} Ra7 {[%clk 0:32:49]} 16. a3 {[%clk 0:33:42]} Rd7 {[%clk
0:25:56]} 17. f3 {[%clk 0:26:03]} Nxd5 {[%clk 0:15:46]} 18. Nxd5 {[%clk 0:24:42]}
Be6 {[%clk 0:15:58]} 19. Nxe7+ {[%clk 0:23:06]} Qxe7 {[%clk 0:15:55]} 20. Qe2
{[%clk 0:19:00]} Qc5+ {[%clk 0:15:15]} 21. Be3 {[%clk 0:19:25]} Qe5 {[%clk
0:15:32]} 22. Bxe6 {[%clk 0:19:34]} Qxe6 {[%clk 0:15:54]} 23. Bc5 {[%clk
0:15:56]} Rc8 {[%clk 0:15:28]} 24. Qf2 {[%clk 0:12:24]} Qb3 {[%clk 0:13:34]} 25.
Rab1 {[%clk 0:07:48]} h5 {[%clk 0:12:17]} 26. Kh1 {[%clk 0:06:21]} Rdc7 {[%clk
0:10:19]} 27. Bd4 {[%clk 0:04:54]} Rc2 {[%clk 0:10:14]} 28. Qg1 {[%clk 0:05:00]}
Rd2 {[%clk 0:09:31]} 29. Bxg7 {[%clk 0:05:14]} Kxg7 {[%clk 0:09:52]} 30. Red1
{[%clk 0:04:54]} Rcc2 {[%clk 0:04:40]} 31. Rxd2 {[%clk 0:04:06]} Rxd2 {[%clk
0:05:05]} 32. Qe1 {[%clk 0:03:01]} Qc2 {[%clk 0:04:50]} 33. Qe5+ {[%clk 0:02:52]}
Kh7 {[%clk 0:04:56]} 34. Re1 {[%clk 0:02:33]} Qxb2 {[%clk 0:04:09]} 35. Qf4
{[%clk 0:02:51]} Kg7 {[%clk 0:03:05]} 36. h3 {[%clk 0:02:23]} Rd7 {[%clk
0:02:05]} 37. Re8 {[%clk 0:01:32]} Qxa3 {[%clk 0:01:10]} 38. Qe5+ {[%clk
0:01:02]} f6 {[%clk 0:01:38]} 39. Qe2 {[%clk 0:00:44]} Qd6 {[%clk 0:01:01]} 40.
Qa2 {[%clk 0:30:55]} Qd1+ {[%clk 0:31:19]} 41. Kh2 {[%clk 0:31:25]} Qd6+ {[%clk
0:29:37]} 42. Kh1 {[%clk 0:31:46]} Qf4 {[%clk 0:22:49]} 43. Qg8+ {[%clk 0:30:02]}
Kh6 {[%clk 0:23:16]} 44. Qf8+ {[%clk 0:30:16]} Kg5 {[%clk 0:23:38]} 45. Qc5+
{[%clk 0:30:13]} f5 {[%clk 0:23:49]} 46. Re1 {[%clk 0:29:28]} Qd4 {[%clk
0:21:52]} 47. Qc8 {[%clk 0:27:32]} a5 {[%clk 0:20:50]} 48. Qf8 {[%clk 0:11:29]}
h4 {[%clk 0:15:11]} 49. Rf1 {[%clk 0:11:09]} b4 {[%clk 0:14:27]} 50. f4+ {[%clk
0:09:21]} Kh5 {[%clk 0:14:45]} 51. Qa8 {[%clk 0:08:19]} Ra7 {[%clk 0:13:42]} 52.
Qf3+ {[%clk 0:08:39]} Kh6 {[%clk 0:14:08]} 53. Rd1 {[%clk 0:09:01]} Qf6 {[%clk
0:13:58]} 54. Qb3 {[%clk 0:08:23]} Kh7 {[%clk 0:11:08]} 55. Rc1 {[%clk 0:07:46]}
Qf7 {[%clk 0:09:54]} 56. Qb2 {[%clk 0:07:31]} Rc7 {[%clk 0:09:38]} 57. Rd1 {[%clk
0:07:31]} Qe7 {[%clk 0:08:23]} 58. Qb3 {[%clk 0:06:05]} Qe4 {[%clk 0:07:32]} 59.
Rf1 {[%clk 0:05:47]} Qc4 {[%clk 0:07:04]} 60. Qf3 {[%clk 0:05:59]} b3 {[%clk
0:06:55]} 61. Qf2 {[%clk 0:06:20]} Kg7 {[%clk 0:06:34]} 62. Re1 {[%clk 0:05:55]}
Qb4 {[%clk 0:05:42]} 63. Qxh4 {[%clk 0:05:15]} b2 {[%clk 0:05:00]} 64. Re8 {[%clk
0:05:20]} b1Q+ {[%clk 0:05:25]} 65. Kh2 {[%clk 0:05:48]} Kf7 {[%clk 0:05:36]} 66.
Rh8 {[%clk 0:05:44]} Qd4 {[%clk 0:05:10]} 67. Rh7+ {[%clk 0:05:02]} Ke6 {[%clk
0:05:29]} 0-1